00986nam a22002777a 4500003000900000005001700009008002800026020001500054040002200069082002700091100002600118245004200144260007500186300002200261500004300283534004700326590002600373650001200399650003800411650001900449650002700468910004000495942001200535952014400547999001700691DO-SdBNP20240117123653.0161031b2006 pe 00| 0 spa d a997270646X aBPMSUbspacBPMSU 4a306.87bD134f 20062221 aIkeda, Daisakud1928-13aLa familia creativa /cDaisaku Ikeda  aPeru : bAsociación peruana de la Soka Gakkai Internacional, c2006. a188 p. ;c22 cm.  aIncluye datos biográficos del autor. aTítulo original : tThe creative family  aInventariado, 2024/VM 4aFamilia 4aEducación para la vida familiar 4aPadres e hijos 4aRelaciones de pareja.  aVMateo V. Control de calidad. BPMSU 2ddccBK 00102ddc40708CGaBPMETbBPMETd2024-01-17eEric E. Landestoy l0oBPMSU CG 306.87 D134f 2006pBPMSU24010024r2024-01-17w2024-01-17yBK c12972d12972